Jika mawar pudar warna

Bibliographic Details
Main Author: Aulia Iman
Format: Book
Published: Selangor : Penerbitan Karyaseni Sdn Bhd , 2014
Subjects:

MARC

LEADER 00000cam a2200000 7i4500
001 0000081860
005 20190108.0
008 190108
020 |a 9789670246659 
041 0 |a Malay 
090 0 0 |a AUL   |b MAL 
100 0 |a Aulia Iman 
245 0 0 |a Jika mawar pudar warna   |c Aulia Iman 
260 |a Selangor :   |b Penerbitan Karyaseni Sdn Bhd ,   |c 2014 
300 |a 18cm :   |b 794pg 
500 |a Novel malay 
541 0 0 |c Purchased 
650 0 |a Malay fiction 
999 |a 0001519638   |b Book   |c Adult Collection   |e Cawangan Bandar Tenggara